MARC details
| 000 -CABECERA |
| campo de control de longitud fija |
01739nam a2200325 4500 |
| 003 - IDENTIFICADOR DEL NÚMERO DE CONTROL |
| campo de control |
EC-UNACH |
| 005 - FECHA Y HORA DE LA ÚLTIMA TRANSACCIÓN |
| campo de control |
20260317105412.0 |
| 006 - CÓDIGOS DE INFORMACIÓN DE LONGITUD FIJA--CARACTERÍSTICAS DEL MATERIAL ADICIONAL |
| campo de control de longitud fija |
s||||gr|||| 00| 00 |
| 008 - DATOS DE LONGITUD FIJA--INFORMACIÓN GENERAL |
| campo de control de longitud fija |
150116t9999 mx r gr 000 0 spa d |
| 020 ## - NÚMERO INTERNACIONAL ESTÁNDAR DEL LIBRO |
| Número Internacional Estándar del Libro |
978-958-20-0970-0 |
| 040 ## - FUENTE DE LA CATALOGACIÓN |
| Centro catalogador/agencia de origen |
EC-UNACH |
| Centro/agencia transcriptor |
EC-UNACH |
| 041 ## - CÓDIGO DE LENGUA |
| Código de lengua del texto/banda sonora o título independiente |
Español |
| 082 04 - NÚMERO DE LA CLASIFICACIÓN DECIMAL DEWEY |
| Número de edición |
23 |
| Número de clasificación |
513.26 |
| Número de documento/Ítem |
L018584 |
| 100 ## - ENTRADA PRINCIPAL--NOMBRE DE PERSONA |
| Nombre de persona |
Fandiño P., Martha I. |
| 245 ## - MENCIÓN DE TÍTULO |
| Título |
Las Fracciones |
| Resto del título |
Aspectos conceptuales y didácticos |
| 250 ## - MENCIÓN DE EDICIÓN |
| Mención de edición |
Primera Edición |
| Resto de la mención de edición |
Primera Reimpresión |
| 264 ## - Producción, publicación, distribución, fabricación y copyright |
| Lugar de producción, publicación, distribución, fabricación |
Bogotá, D.C., - Colombia |
| Nombre del de productor, editor, distribuidor, fabricante |
Editorial Magisterio |
| Fecha de de producción, publicación, distribución, fabricación o copyright |
2009 |
| 300 ## - DESCRIPCIÓN FÍSICA |
| Extensión |
221 páginas |
| Otras características físicas |
Tablas, figuras, imágenes |
| Dimensiones |
24 x 16 centímetros |
| 501 ## - NOTA DE "CON" |
| Nota de “Con” |
Incluye Contenido, Prefacio, Prefacio para la versión en español, Presentación, Bibliografía |
| 505 ## - NOTA DE CONTENIDO CON FORMATO |
| Nota de contenido con formato |
Capítulo 1. De los números naturales a los racionales absolutos y de los números enteros a los racionales -- Capítulo 2. Historia de las fracciones - Capítulo 3. Triángulo de la didáctica y transposición; las fracciones, objeto de saber escolar -- Capítulo 4. Cuadro teórico de las investigaciones didácticas sobre las fracciones -- Capítulo 5. Varias formas de entender el concepto de fracción -- Capítulo 6. Noética y semiótica de las fracciones -- Capítulo 7. Dificultades en el aprendizaje de las fracciones y didácticas de la matemática -- Capítulo 8. Observaciones sobre la didáctica de las fracciones en el aula |
| 650 ## - PUNTO DE ACCESO ADICIONAL DE MATERIA--TÉRMINO DE MATERIA |
| Término de materia o nombre geográfico como elemento inicial |
ESTUDIO DE LAS FRACCIONES |
| 650 ## - PUNTO DE ACCESO ADICIONAL DE MATERIA--TÉRMINO DE MATERIA |
| Término de materia o nombre geográfico como elemento inicial |
TEORÍA DE VERGNAUD |
| 650 ## - PUNTO DE ACCESO ADICIONAL DE MATERIA--TÉRMINO DE MATERIA |
| Término de materia o nombre geográfico como elemento inicial |
PARADOJA DE DUVAL |
| 650 ## - PUNTO DE ACCESO ADICIONAL DE MATERIA--TÉRMINO DE MATERIA |
| Término de materia o nombre geográfico como elemento inicial |
FRACCIÓN IRREDUCIBLE |
| 650 ## - PUNTO DE ACCESO ADICIONAL DE MATERIA--TÉRMINO DE MATERIA |
| Término de materia o nombre geográfico como elemento inicial |
ESCRITURA HIERÁTICA |
| 942 ## - ELEMENTOS DE PUNTO DE ACCESO ADICIONAL (KOHA) |
| Fuente del sistema de clasificación o colocación |
Clasificación Decimal Dewey |
| Tipo de ítem Koha |
Libros |
| 999 ## - NÚMEROS DE CONTROL DE SISTEMA (KOHA) |
| Koha biblionumber |
14426 |